000 00848cad a22002055a 4500
001 E150725
008 100824s2010 xxk 000 0 eng d
035 _a(Sirsi) u150725
041 0 _aeng
100 1 _aWood, Laura
245 0 1 _a'Battle of the forms' raises its head, again
_h[electronic resource]
260 _c2010
490 _aLaw-Now Article
520 _aDiscusses the case GHSP Inc v AB Electronic Ltd [2010] EWHC 1828 (Comm), which highlights the need for negotiations on which standard terms apply to your contract, and what they say, to take place before the contract is signed.
590 _aKA
651 4 _aEngland
_y886-
690 _aLAW
856 4 0 _uhttps://www.law-now.com/DirectMail/%7B99FC5519-3C00-4EC3-871F-5B3851F80A5C%7D_emailbattleformsaug10.htm
_zView the article free of charge at www.law-now.com
942 _n0
999 _c82618
_d82618